USA Geography - Statistics

General Stats
  • This quiz has been taken 2,192 times
  • The average score is 7 of 20
Answer Stats
Hint Answer % Correct
Biggest Canyon in US Grand Canyon
91%
2nd longest ^ Mississippi
82%
Longest US river NOT including tributaries Missouri
72%
The 3 states that #12 and #13 cross Missouri
72%
Location of Pensacola Florida
59%
Location of largest US city named Athens Georgia
58%
^ Kansas
51%
Location of Crater Lake Oregon
45%
Cities that cross state borders (2) Kansas City
37%
4th longest ^ Rio Grande
36%
^ St Louis
28%
Tallest US mountain outside Alaska Mount Whitney
26%
^ Illinois
23%
Largest man made lake in US Lake Mead
22%
3rd longest ^ Yukon
12%
Deepest Canyon in US Hell's Canyon
7%
Location of ^ Maine
6%
Former name of Brown University University of Rhode Island
4%
2nd tallest US mountain Mount Saint Elias
3%
Largest Natural Pond in US Great Pond
1%
No matching quizzes found
Score Distribution
Percent of People with Each Score
Percentile by Number Answered
Your Score History
You have not taken this quiz